01501nam a22003137a 4500003000400000005001700004007000300021008002900024020001800053040002500071082003200096100004200128245017300170246006500343250003500408260004400443300002200487500005700509500003400566504003200600650007800632650007800710650005700788651006600845651008300911651007800994651007501072700004001147OSt20210825115721.0ta210226b 2020 dr f00| 0 spad a9789945092769 aDO-SdBNPbspacBPMSU a306.097293bS718d, 20202221 aSoto Jiménez, José Miguel,d1956-10aDominicaneando :bensayo tríptico para el bosquejo de una dominicanidad inavertida /cJosé Miguel Soto Jiménez ; edición al cuidado de Sócrates Suaso Ruiz 14aDominicaneando :blos tres nombres del después de siempre. a2a. ed. corregida y aumentada. aSanto Domingo : bEdita Libros, c2020. a572 p. ;c23 cm.  aIncluye datos biográficos del autor en las solapas aIncluye índice onomástico aBibliografía : p. 529-547 4aIdentidad culturalz República Dominicana vEnsayos, conferencias, etc. 4aReligiosidad popularzRepública DominicanavEnsayos, conferencias, etc. 4aLiteratura dominicana xCrítica e interpretación 4aRepública DominicanaxHistoriavEnsayos, conferencias, etc. 4aRepública DominicanaxVida social y costumbresvEnsayos, conferencias, etc. 4aRepública DominicanaxCondiciones socialesvEnsayos, conferencias, etc. 4aRepública DominicanaxCivilizaciónvEnsayos, conferencias, etc.z 1 aSuaso Ruiz, Sócrates,eedición